Robustná lokalizácia pre drony lietajúce vo vnútornom priemyselnom prostredí

Uložené v:
Podrobná bibliografia
Hlavný autor: Mráz, Eduard (Autor)
Ďalší autori: Rodina, Jozef (Vedúci práce)
Médium: Rukopis Kniha
Jazyk:Slovak
Vydavateľské údaje: Bratislava : STU v Bratislave FEI, 2024
Predmet:
On-line prístup:https://opac.crzp.sk/?fn=detailBiblioFormChildMBK6V&sid=6D6DC5E985962C81DD82A5AC3881&seo=CRZP-detail-kniha
Tagy: Pridať tag
Žiadne tagy, Buďte prvý, kto otaguje tento záznam!

MARC

LEADER 00000ntm a22000003a 4500
001 stuzp76223
003 SK-STU
005 20241212102914.0
007 ta
008 150427s2015----xo-----f-mn---000-0-slo-d
040 |a STU  |b slo 
041 0 |a slo 
044 |a xo 
100 1 |a Mráz, Eduard  |u 031000  |4 aut  |U FEI Fakulta elektrotechniky a informatiky  |T FEI Ústav robotiky a kybernetiky  |X 74535  |U E011  |Y 356  |7 74535 
242 0 1 |a Robust location for drones flying in indoor industrial environments  |y eng 
245 1 0 |a Robustná lokalizácia pre drony lietajúce vo vnútornom priemyselnom prostredí 
260 |a Bratislava :  |b STU v Bratislave FEI,  |c 2024 
300 |a 103 s., príl 
650 4 |a UAV  |2 slo 
650 4 |a UAS  |2 slo 
650 4 |a lokalizácia  |2 slo 
650 4 |a particle  |2 slo 
650 4 |a filter  |2 slo 
650 4 |a UAV  |2 eng 
650 4 |a UAS  |2 eng 
650 4 |a localization  |2 eng 
650 4 |a particle  |2 eng 
650 4 |a filter  |2 eng 
700 1 |a Rodina, Jozef  |u 031000  |k Z1  |4 ths  |U FEI Fakulta elektrotechniky a informatiky  |T FEI Ústav robotiky a kybernetiky  |X 11924  |U E011  |Y 356  |7 A000011924 
856 4 |u https://opac.crzp.sk/?fn=detailBiblioFormChildMBK6V&sid=6D6DC5E985962C81DD82A5AC3881&seo=CRZP-detail-kniha